[Event "WWG1WGA"]
[Site "http://www.queenalice.com/game.php?id=1628203"]
[Date "2020.9.26"]
[Round "-"]
[White "Useless"]
[Black "Wigmont"]
[Result "1-0"]
[WhiteElo "1648"]
[BlackElo "1617"]

1. e4 a6 2. d4 d6 3. Bc4 e6 4. d5 b5 5. dxe6 bxc4 6. exf7+ Kxf7 7. Qd5+ Be6 8.
Qxa8 Nf6 9. Bg5 d5 10. e5 c6 11. exf6 Qb6 12. b3 Bb4+ 13. c3 Re8 14. Be3 c5 15.
Nf3 Nd7 16. Ng5+ Kf8 17. Nxh7+ Kf7 18. Ng5+ Kf8 19. Nxe6+ Kf7 20. Qxd5 Nxf6 21.
Ng5+ Ke7 22. O-O Nxd5 23. cxb4 Rh8 24. Bxc5+ Kf6 25. Bxb6 Nxb6 26. Ne4+ Ke7 27.
bxc4 Nxc4 28. Nbc3 Ne5 29. Rfe1 Rc8 30. Rad1 Rc4 31. Nd5+ Ke6 32. f4 Ng4 33.
Nf2+ Kf5 34. Nxg4 Kxg4 35. Ne3+ Kxf4 36. Nxc4 1-0

[Event "Grognard"]
[Site "http://www.queenalice.com/game.php?id=1630715"]
[Date "2020.10.24"]
[Round "1"]
[White "Useless"]
[Black "z3r0vulc4n"]
[Result "0-1"]
[WhiteElo "1663"]
[BlackElo "1899"]

1. e4 e6 2. e5 c5 3. d4 Nc6 4. d5 exd5 5. Qxd5 Nge7 6. Qe4 g6 7. Bc4 Bg7 8.
Bxf7+ Kxf7 9. Nf3 d5 10. Qf4+ Nf5 11. g4 Bh6 12. g5 Bg7 13. Nc3 Rf8 14. Be3 d4
15. O-O-O Qa5 16. Bxd4 cxd4 17. Nxd4 Bxe5 18. Qf3 Nxd4 19. Qe4 Nc6 20. Rd5 Qc7
21. Qc4 Be6 22. Rhd1 Nfe7 23. Re1 Nxd5 24. Nxd5 Qd6 25. Rd1 Rad8 26. Qh4 Bxd5
27. Qxh7+ Bg7 0-1

[Event "2020"]
[Site "http://www.queenalice.com/game.php?id=1632665"]
[Date "2020.11.12"]
[Round "-"]
[White "Wigmont"]
[Black "Useless"]
[Result "0-1"]
[WhiteElo "1598"]
[BlackElo "1656"]

1. e4 e5 2. Nf3 Nc6 3. c4 Bc5 4. d3 Nf6 5. Ng5 d6 6. f3 h6 7. Nxf7 Kxf7 8. g4
Nd4 9. Bh3 b6 10. f4 Nxe4 11. Be3 Qh4+ 12. Bf2 Qxf2# 0-1

[Event "Challenge"]
[Site "http://www.queenalice.com/game.php?id=1634076"]
[Date "2020.11.24"]
[Round "-"]
[White "Useless"]
[Black "Wigmont"]
[Result "1-0"]
[WhiteElo "1670"]
[BlackElo "1590"]

1. e4 e5 2. Bc4 Qf6 3. Nf3 Nc6 4. d3 g5 5. Nxg5 Nh6 6. Nc3 Bc5 7. O-O Nd4 8. Be3
c6 9. Na4 Be7 10. c3 d5 11. exd5 b5 12. dxc6 Bg4 13. f3 Qxc6 14. fxg4 f6 15. Ne6
Rg8 16. Nxd4 exd4 17. Bxg8 Nxg8 18. Bxd4 Nh6 19. g5 Kd7 20. gxh6 Rg8 21. Rf2
bxa4 22. Qe2 f5 23. Re1 Bd8 24. Qh5 Rf8 25. Rxf5 Rg8 26. Qf7+ Kc8 27. Qxg8 Qd6
28. Rc5+ Kd7 29. Qe8# 1-0

[Event "Let's Play Chess!"]
[Site "http://www.queenalice.com/game.php?id=1634079"]
[Date "2020.11.24"]
[Round "-"]
[White "Useless"]
[Black "Reddaz"]
[Result "0-1"]
[WhiteElo "1684"]
[BlackElo "1870"]

1. e4 c5 2. Bc4 e6 3. Nf3 Nc6 4. O-O g6 5. d3 Bg7 6. Re1 Nge7 7. Nc3 O-O 8. e5
Qc7 9. Bg5 h6 10. Nb5 Qb6 11. Bxe7 Nxe7 12. a4 a6 13. Nd6 Qxb2 14. Rb1 Qa3 15.
Bb3 Qb4 16. Nc4 Nd5 17. Ba2 Qxa4 18. Bb3 Qc6 19. Qd2 b6 20. Nd6 Ne7 21. Ra1 Bb7
22. Re4 Nf5 23. Nxf5 exf5 24. Rf4 Bxe5 25. Rh4 g5 26. Re1 d6 27. Rxh6 f4 28. Rh5
Bf6 29. h3 Rfe8 30. Bxf7+ Kxf7 31. Rh7+ Kg8 32. Rh5 Rxe1+ 33. Qxe1 Re8 34. Qb1
Re5 35. Nxe5 Qxg2# 0-1

[Event "Let's Play Chess!"]
[Site "http://www.queenalice.com/game.php?id=1634080"]
[Date "2020.11.24"]
[Round "-"]
[White "ESSantos"]
[Black "Useless"]
[Result "1-0"]
[WhiteElo "1757"]
[BlackElo "1683"]

1. e4 e5 2. Bc4 Bc5 3. Qh5 Qf6 4. Qf3 Qg6 5. d3 d6 6. h3 h5 7. g3 Nf6 8. Nc3 Nc6
9. Be3 Bxe3 10. Qxe3 Nd4 11. O-O-O h4 12. g4 Bxg4 13. hxg4 Nxg4 14. Qd2 Qf6 15.
Rf1 a5 16. Nd5 Qd8 17. f3 Nf6 18. Qg5 c6 19. Ne3 a4 20. Qxg7 Rh7 21. Qg5 b5 22.
c3 bxc4 23. cxd4 c3 24. bxc3 Rb8 25. Nc4 d5 26. Qxe5+ Kf8 27. Qd6+ Qxd6 28. Nxd6
a3 29. e5 Rb2 30. exf6 Rxa2 31. Kb1 Rb2+ 32. Ka1 Rh5 33. Rb1 Rxb1+ 34. Kxb1 1-0

[Event "Challenge"]
[Site "http://www.queenalice.com/game.php?id=1634097"]
[Date "2020.11.24"]
[Round "-"]
[White "Useless"]
[Black "Bigchess"]
[Result "1/2-1/2"]
[WhiteElo "1670"]
[BlackElo "1785"]

1. d4 d5 2. Nf3 e6 3. Bf4 Nf6 4. Ne5 Be7 5. Nxf7 Kxf7 6. e3 Rf8 7. Qf3 Kg8 8.
Qg3 Ne4 9. Qf3 Nc6 10. Bd3 Bg5 11. Bxe4 dxe4 12. Qxe4 Bxf4 13. exf4 Nxd4 1/2-1/2

[Event "Challenge"]
[Site "http://www.queenalice.com/game.php?id=1634174"]
[Date "2020.11.25"]
[Round "-"]
[White "Carlos19"]
[Black "Useless"]
[Result "0-1"]
[WhiteElo "1480"]
[BlackElo "1675"]

1. e4 e5 2. Bc4 Nf6 3. Nc3 Bc5 4. Nf3 Ng4 5. O-O Qf6 6. d3 h6 7. h3 Bxf2+ 8.
Rxf2 Nxf2 9. Kxf2 Nc6 10. Nd5 Qd6 11. b3 O-O 12. a4 Qg6 13. Bg5 hxg5 14. Nxe5
Qd6 15. Nxc6 bxc6 16. Ne3 Qf4+ 17. Ke2 g6 18. b4 d5 19. exd5 Re8 20. Kd2 Qxe3+
21. Kc3 cxd5 22. Bxd5 Qe5+ 23. Kc4 c6 24. Bxc6 Qe6+ 25. Kc5 Qe3+ 26. d4 Qc3+ 27.
Kd5 Be6+ 28. Kd6 Qxb4+ 29. Ke5 Bg4+ 30. Bxe8 Bxd1 31. Rxd1 Rxe8+ 32. Kf6 Qe7#
0-1

[Event "Let's Play Chess!"]
[Site "http://www.queenalice.com/game.php?id=1637126"]
[Date "2020.12.21"]
[Round "-"]
[White "Useless"]
[Black "ootomm"]
[Result "0-1"]
[WhiteElo "1675"]
[BlackElo "1551"]

1. e4 e5 2. Bc4 Nc6 3. Qf3 Nf6 4. d3 Nd4 5. Qd1 Bc5 6. Be3 d6 7. Nc3 O-O 8. Bg5
Bg4 9. f3 Be6 10. Bxe6 fxe6 11. Qd2 Qd7 12. b3 Bb4 13. a3 Bxc3 14. Qxc3 c5 15.
Nh3 b5 16. O-O a5 17. Qd2 b4 18. f4 exf4 19. Bxf4 e5 20. Bg5 h6 21. Bxf6 Rxf6
22. Rxf6 gxf6 23. Qxh6 Qg7 24. Qxg7+ Kxg7 25. g4 Nxc2 26. Ra2 Nxa3 27. Kg2 Nb5
28. Kg3 Nd4 29. Rb2 a4 30. bxa4 Rxa4 31. Nf2 Ne6 32. h4 Nf4 33. h5 Ra8 34. Kh4
Rh8 35. Nd1 Nxd3 36. Rd2 Nf4 37. Kg3 Rd8 38. Kh4 c4 39. Rc2 c3 40. Nxc3 bxc3 41.
Rxc3 Kh6 42. Rc6 Ng2+ 43. Kg3 Ne1 44. Rc7 d5 45. exd5 Rxd5 46. Rf7 Rd6 47. Rf8
Nd3 48. Re8 Rd4 49. Kf3 Ra4 50. Kg3 Ra3 51. Rg8 Nf4+ 52. Kh4 Rh3# 0-1

[Event "Let's Play Chess!"]
[Site "http://www.queenalice.com/game.php?id=1637128"]
[Date "2020.12.21"]
[Round "-"]
[White "ootomm"]
[Black "Useless"]
[Result "0-1"]
[WhiteElo "1542"]
[BlackElo "1673"]

1. d4 d5 2. c4 dxc4 3. e4 e6 4. Bxc4 Bb4+ 5. Nc3 Nf6 6. e5 Ne4 7. Ne2 Qh4 8. O-O
h5 9. Nxe4 Qxe4 10. Bd3 Qd5 11. Nf4 Qc6 12. Bd2 Bxd2 13. Qxd2 Qa4 14. Be4 g5 15.
b3 Qa6 16. d5 gxf4 17. dxe6 Bxe6 18. Rfd1 Nd7 19. Qxf4 O-O-O 20. Bd3 Qa5 21. b4
Qb6 22. a3 Rdg8 23. Rac1 Rg4 24. Qe3 Rhg8 25. Qxb6 Rxg2+ 26. Kh1 axb6 27. Be4
Rxf2 28. Rg1 Re8 29. Rgf1 Ra2 30. Rc3 Nxe5 31. Rfc1 Re7 32. Bg2 h4 33. h3 Rd7
34. Re3 Nc4 35. Rec3 Rdd2 36. Rg1 Bd5 37. Kh2 Rxg2+ 38. Rxg2 Rxg2+ 39. Kh1 Rc2+
0-1

[Event "Let's Play Chess!"]
[Site "http://www.queenalice.com/game.php?id=1637129"]
[Date "2020.12.21"]
[Round "-"]
[White "Lucasbarbaruiva"]
[Black "Useless"]
[Result "1-0"]
[WhiteElo "1586"]
[BlackElo "1654"]

1. d3 d5 2. e3 Nf6 3. Nf3 Nc6 4. Be2 e5 5. O-O Bg4 6. h3 Bxf3 7. Bxf3 e4 8. dxe4
dxe4 9. Qxd8+ Rxd8 10. Be2 h5 11. Bb5 h4 12. b3 Bd6 13. Bxc6+ bxc6 14. Bb2 Rh6
15. Nd2 g5 16. Bxf6 Rxf6 17. Nxe4 Rg6 18. Nxd6+ Rdxd6 19. Rad1 Rdf6 20. Rd3 g4
21. hxg4 Rxg4 22. Rd4 Rxd4 23. exd4 Rg6 24. c3 h3 25. g3 Rh6 26. Kh2 f5 27. f4
Kf7 28. a4 Kg6 29. Re1 Kh5 30. Kxh3 a5 31. Re7 c5 32. dxc5 Rc6 33. Re5 Rf6 34.
g4+ 1-0

[Event "Let's Play Chess!"]
[Site "http://www.queenalice.com/game.php?id=1637134"]
[Date "2020.12.21"]
[Round "-"]
[White "charles31"]
[Black "Useless"]
[Result "1-0"]
[WhiteElo "1836"]
[BlackElo "1683"]

1. d4 d5 2. Nc3 c6 3. h3 b5 4. a3 Nf6 5. Nf3 a5 6. Bg5 Ne4 7. Bh4 Qd6 8. Nxe4
dxe4 9. Ng5 Bf5 10. e3 e5 11. dxe5 Qxd1+ 12. Rxd1 Nd7 13. c4 Nxe5 14. cxb5 cxb5
15. Bxb5+ Nd7 16. Ke2 Be7 17. g4 Bxg4+ 18. hxg4 Rd8 19. Bc4 Bxg5 20. Bxg5 Rb8
21. Rd2 Ne5 22. Ba2 O-O 23. Rg1 h6 24. Bf4 Rfe8 25. Rc2 Rb7 26. Bxe5 Rxe5 27.
Bb1 Rg5 28. Rc8+ 1-0

[Event "Challenge"]
[Site "http://www.queenalice.com/game.php?id=1638841"]
[Date "2021.1.4"]
[Round "-"]
[White "Useless"]
[Black "Wolle"]
[Result "1-0"]
[WhiteElo "1635"]
[BlackElo "1683"]

1. e4 e5 2. Nf3 d6 3. Bc4 Nf6 4. Ng5 h6 5. Nxf7 Qd7 6. Nxh8 Qg4 7. Qxg4 Bxg4 8.
Ng6 Nbd7 9. Bf7+ Kxf7 10. Nxf8 Rxf8 11. d3 c5 12. h3 Be6 13. Nc3 d5 14. exd5
Nxd5 15. Ne4 Kg6 16. f3 Bf5 17. Ng3 Be6 18. Bd2 b6 19. O-O-O b5 20. Rde1 b4 21.
b3 h5 22. Re4 Bf7 23. Rh4 Kf6 24. Re1 g6 25. Ne4+ Kg7 26. g4 Rh8 27. gxh5 Rxh5
28. Rxh5 gxh5 29. Rg1+ Kf8 30. Bh6+ Ke7 31. Rg7 N7f6 32. Ng5 Ng8 33. Rxf7+ Kd6
34. Bf8+ Nge7 35. Rh7 Kd7 36. Rxh5 Nf6 37. Rh6 Nfd5 38. Ra6 Ke8 39. Ne6 Nf4 40.
Rxa7 Nxe6 41. Bxe7 Ng5 42. Bxg5 1-0

[Event "Challenge"]
[Site "http://www.queenalice.com/game.php?id=1641822"]
[Date "2021.1.28"]
[Round "-"]
[White "Wolle"]
[Black "Useless"]
[Result "0-1"]
[WhiteElo "1672"]
[BlackElo "1653"]

1. d4 d5 2. Nf3 Bf5 3. Nc3 Nf6 4. e3 Nc6 5. Bb5 e6 6. Ne5 Qd6 7. O-O g6 8. a3
Bh6 9. e4 Bxc1 10. Rxc1 dxe4 11. f3 exf3 12. Rxf3 h5 13. Qe1 Qxd4+ 14. Qe3 O-O-O
15. Nxf7 Qxe3+ 16. Rxe3 Ng4 17. Ree1 Nd4 18. Nxh8 Rxh8 19. Bd3 Bxd3 20. cxd3 e5
21. h3 Nf6 22. Rxe5 h4 23. Kf2 Rd8 24. Ke3 Nf5+ 25. Kf4 Rxd3 26. Re6 Nh5+ 27.
Ke4 Re3+ 28. Kd5 c6+ 29. Kc5 Rxe6 30. g4 hxg3 31. Rg1 Nf4 32. Kc4 Nxh3 33. Rg2
Ne3+ 34. Kc5 Nxg2 0-1

[Event "Let's Play Chess!"]
[Site "http://www.queenalice.com/game.php?id=1643572"]
[Date "2021.2.14"]
[Round "-"]
[White "charles31"]
[Black "Useless"]
[Result "1-0"]
[WhiteElo "1695"]
[BlackElo "1609"]

1. d4 d5 2. Nc3 Nf6 3. h3 Bf5 4. Nf3 e6 5. Bg5 Bb4 6. Ne5 Qd6 7. e3 c5 8. Nf3
cxd4 9. exd4 Nc6 10. Bxf6 gxf6 11. Bb5 a6 12. Ba4 Qf4 13. g3 Bxc3+ 14. bxc3 Qe4+
15. Qe2 O-O-O 16. g4 Qxe2+ 17. Kxe2 Be4 18. Rhg1 Na5 19. Rgc1 h5 20. gxh5 Rxh5
21. Rh1 Nc4 22. Rh2 Bxf3+ 23. Kxf3 Rf5+ 24. Ke2 Rg8 25. Bb3 Nd6 26. f3 Rg3 27.
Rf1 Nb5 28. c4 dxc4 29. Bxc4 Nxd4+ 30. Ke3 Nxf3 31. Rxf3 Rgxf3+ 32. Ke2 Ra3 33.
Bb3 Raa5 34. h4 Rae5+ 35. Kd3 b5 36. c3 Kc7 37. a3 Re1 38. Kd2 Ra1 39. h5 Rxa3
40. Bc2 Rd5+ 41. Ke2 Ra2 42. Ke3 Ra3 43. h6 Rxc3+ 44. Ke4 Rc4+ 45. Ke3 Rd8 46.
h7 Rh8 47. Bd3 Rc3 48. Kd2 Kb6 49. Kxc3 Kc5 50. Rh5+ Kb6 51. Kb3 f5 52. Rh6 f4
53. Rf6 Rxh7 54. Bxh7 Kc5 55. Rxf4 f5 56. Bg8 a5 57. Bxe6 a4+ 58. Ka3 1-0

[Event "Challenge"]
[Site "http://www.queenalice.com/game.php?id=1643593"]
[Date "2021.2.14"]
[Round "-"]
[White "Useless"]
[Black "Wigmont"]
[Result "1-0"]
[WhiteElo "1673"]
[BlackElo "1610"]

1. e4 e5 2. Bc4 Nh6 3. d3 Nc6 4. Bxh6 gxh6 5. Qf3 f6 6. Qh5+ Ke7 7. Qf7+ Kd6 8.
Nc3 Nd4 9. Nd5 Nxc2+ 10. Kd2 Nxa1 11. Nxf6 c5 12. Nf3 Qb6 13. Ne8+ Kc6 14. Qd5#
1-0

[Event "Challenge"]
[Site "http://www.queenalice.com/game.php?id=1643594"]
[Date "2021.2.14"]
[Round "-"]
[White "Useless"]
[Black "Wolle"]
[Result "0-1"]
[WhiteElo "1656"]
[BlackElo "1643"]

1. e4 e5 2. Bc4 Nf6 3. d3 Bc5 4. Bg5 h6 5. Bxf6 Qxf6 6. Nf3 d6 7. Nc3 Bg4 8. Nd5
Qd8 9. h3 Bh5 10. g4 Bg6 11. h4 Nc6 12. c3 a6 13. h5 Bh7 14. g5 hxg5 15. Qd2 f6
16. Rg1 g6 17. h6 f5 18. Nxg5 Bg8 19. exf5 gxf5 20. Qe2 Rxh6 21. O-O-O Rg6 22.
Nxc7+ Kd7 23. Nxa8 Rxg5 24. Rxg5 Qxg5+ 25. Kb1 Qd8 26. Qh5 Qxa8 27. Qxf5+ Kc7
28. Rh1 d5 29. Bxd5 Bxd5 30. Rh7+ Kb6 31. Rh6 Qf8 32. Rf6 Qe7 33. b4 Bd6 34. a4
Kc7 35. Rh6 Qd7 36. Rh7 Ne7 37. Qf8 Qd8 38. Qh6 Qd7 0-1

[Event "Let's Play Chess!"]
[Site "http://www.queenalice.com/game.php?id=1643595"]
[Date "2021.2.14"]
[Round "-"]
[White "Useless"]
[Black "Capixaba789"]
[Result "1/2-1/2"]
[WhiteElo "1670"]
[BlackElo "1736"]

1. e4 c6 2. Bc4 e5 3. d3 Nf6 4. Bg5 Be7 5. Nf3 a5 6. Nxe5 O-O 7. Bxf6 Bxf6 8. f4
d6 9. Bxf7+ Rxf7 10. Nxf7 Kxf7 11. c3 Kg8 12. Na3 Nd7 13. f5 Ne5 14. Qh5 Nxd3+
15. Kd2 Nxb2 16. g4 Bg5+ 1/2-1/2

[Event "Grognard"]
[Site "http://www.queenalice.com/game.php?id=1645060"]
[Date "2021.2.27"]
[Round "3"]
[White "Diogolopes"]
[Black "Useless"]
[Result "0-1"]
[WhiteElo "1731"]
[BlackElo "1610"]

1. e4 e5 2. c3 Nf6 3. f3 Bc5 4. Nh3 d6 5. b4 Bb6 6. a4 a5 7. Ba3 c5 8. bxa5 Bxa5
9. Qb3 O-O 10. g4 b6 11. g5 Nh5 12. Qd5 Ra7 13. Bc1 Bxh3 14. d3 Be6 15. Qxe6
fxe6 16. Rg1 g6 17. Be2 d5 18. Kf2 d4 0-1

[Event "Let's Play Chess!"]
[Site "http://www.queenalice.com/game.php?id=1645213"]
[Date "2021.3.1"]
[Round "-"]
[White "Useless"]
[Black "alterego"]
[Result "1-0"]
[WhiteElo "1577"]
[BlackElo "1668"]

1. e4 c5 2. Bc4 e6 3. Nf3 g6 4. d3 Bg7 5. Nc3 Nf6 6. Bg5 O-O 7. e5 Nc6 8. exf6
Bxf6 9. Bxf6 Qxf6 10. Qe2 a6 11. O-O-O b5 12. Ne4 Qg7 13. Bb3 d5 14. Nxc5 Na5
15. h4 Nxb3+ 16. Nxb3 a5 17. h5 Bd7 18. h6 Qf6 19. Nc5 Bc6 20. Ne5 Qe7 21. d4 f6
22. Nxc6 Qd6 23. Qxb5 Qf4+ 24. Rd2 e5 25. Nd7 Rf7 26. Nb6 Re8 27. Nxa5 Rfe7 28.
Nxd5 Qe4 29. Nxe7+ Kf7 30. Nac6 Qxg2 31. Qc4+ Kf8 32. Qg8# 1-0

[Event "Let's Play Chess!"]
[Site "http://www.queenalice.com/game.php?id=1645214"]
[Date "2021.3.1"]
[Round "-"]
[White "Clemente09"]
[Black "Useless"]
[Result "1-0"]
[WhiteElo "1065"]
[BlackElo "1686"]

1. d4 d5 2. Bg5 h6 3. Bh4 Nc6 4. c4 e6 5. Bxd8 Kxd8 6. Nc3 Bb4 7. cxd5 exd5 8.
a3 Bxc3+ 9. bxc3 Nf6 10. Qb3 Na5 11. Qb5 Nc4 12. e4 c6 13. Qb1 Nxe4 14. Bxc4
dxc4 15. Ne2 Re8 16. Qb4 b5 17. d5 cxd5 18. Qa5+ Ke7 19. Qxb5 Be6 20. Qb7+ Kf8
21. f3 Ng5 22. Kf2 Reb8 23. Qc6 a5 24. Nd4 Rc8 25. Nxe6+ fxe6 26. Qd6+ Kg8 27.
h4 Nf7 28. Qxe6 d4 29. cxd4 c3 30. g4 Rf8 31. g5 Rad8 32. g6 Rxd4 33. gxf7+ Rxf7
34. Ke3 Rd7 35. Kf2 Rd3 36. Qe8+ Kh7 37. Qe4+ 1-0

[Event "Let's Play Chess!"]
[Site "http://www.queenalice.com/game.php?id=1645215"]
[Date "2021.3.1"]
[Round "-"]
[White "Useless"]
[Black "Clemente09"]
[Result "0-1"]
[WhiteElo "1639"]
[BlackElo "1091"]

1. d4 d5 2. Nc3 Bg4 3. h3 Bh5 4. g4 Bg6 5. Bf4 h5 6. f3 hxg4 7. fxg4 e6 8. a3
Bd6 9. Bxd6 Qxd6 10. e3 e5 11. Nb5 Qb6 12. Qf3 Ne7 13. dxe5 Be4 14. Qf4 Bxh1 15.
e6 f6 16. O-O-O Na6 17. g5 Ng6 18. Qg4 Qxe3+ 19. Kb1 Ne5 20. Qa4 c6 21. Nd6+ Ke7
22. Nf5+ Kxe6 23. Nxe3 fxg5 24. Qd4 Kd6 25. Nf5+ Ke6 26. Re1 Be4 27. Bg2 Rad8
28. Bxe4 dxe4 29. Qxe4 Rd5 30. Nf3 Nc5 31. Nxe5 Nxe4 32. Rxe4 Kxf5 33. Rb4 Kxe5
34. Rxb7 Rxh3 35. Rxg7 Kf6 36. Rxa7 Rb5 37. b4 c5 38. c4 Rb6 39. b5 g4 0-1

[Event "Challenge"]
[Site "http://www.queenalice.com/game.php?id=1645382"]
[Date "2021.3.2"]
[Round "-"]
[White "Useless"]
[Black "Vin100"]
[Result "1-0"]
[WhiteElo "1597"]
[BlackElo "1528"]

1. d4 d5 2. Nc3 e6 3. Nf3 Bb4 4. Bf4 Bd7 5. e3 Nf6 6. Ne5 O-O 7. h4 Nc6 8. Nxc6
Bxc6 9. Bd3 a6 10. O-O Bxc3 11. bxc3 Qd7 12. Be5 b5 13. Bxf6 gxf6 14. Qh5 f5 15.
Qg5+ Kh8 16. Qf6+ Kg8 17. f4 Qd8 18. Qh6 Be8 19. Rf3 Bd7 20. Rg3+ Kh8 21. Qg7#
1-0

[Event "Challenge"]
[Site "http://www.queenalice.com/game.php?id=1645383"]
[Date "2021.3.2"]
[Round "-"]
[White "Vin100"]
[Black "Useless"]
[Result "1-0"]
[WhiteElo "1517"]
[BlackElo "1596"]

1. e4 e5 2. Nf3 Bc5 3. c3 Nf6 4. d3 Ng4 5. d4 exd4 6. cxd4 Bb4+ 7. Bd2 a5 8. a3
d5 9. exd5 Qxd5 10. axb4 a4 11. Nc3 O-O 12. Nxd5 Re8+ 13. Be2 b6 14. Nxc7 1-0

[Event "Grognard"]
[Site "http://www.queenalice.com/game.php?id=1684055"]
[Date "2021.4.25"]
[Round "4"]
[White "Useless"]
[Black "Walter"]
[Result "0-1"]
[WhiteElo "1631"]
[BlackElo "1773"]

1. e4 e5 2. Nf3 Nc6 3. Bb5 a6 4. Bxc6 dxc6 5. d3 Bd6 6. h3 Nf6 7. Nc3 b5 8. a3
h6 9. d4 exd4 10. Nxd4 Bd7 11. Qe2 O-O 12. Bxh6 gxh6 13. O-O-O Re8 14. g4 Be5
0-1